Whisky A-Z - Statistiques

Statistiques générales
  • Ce quiz a été pris 47 fois
  • Le résultat moyen est 8 sur 24
Statistiques - réponses
Lettre Marques % Correct
J (9) Johnnie Walker / Jameson / Johnny Drum / Jack Daniel's / Jura / James Eadie / John Dewar /Jim Beam / J&B
86%
C (23) Caol Ila / Chivas / Connemara / Clonakilty / Chichibu / Chita / Cragganmore / Craigellachie /Cutty Sark / Campbeltown / Clan Campbell / Canadian / Cardhu / Clynelish / Cameron Brig / Caperdonich / Compass Box / Copper Dog / Cougar / Chattanooga / Cotswolds / Comber / Clontarf
57%
G (13) Glendronach / Glenmorangie / Glann Ar Mor / Green Spot / Gold Spot / Galaad / Glen / Grant / Gaelic / George T. Stagg / Girvan / George Dickel / Gordon
54%
A (31) Arran / Aberlour / Ardbeg / Akashi / Arlett / Aikan / Armorik / Amrut / Angel's / Aberfeldy / Ailsa / Akkeshi / Alfred Giraud / Amahagan / Ardmore / Antiquary / Ardnamurchan / Auchentoshan / Auchroisk / Aultmore / Ardnahoe / Ancient Age / Ad Gerfrin / Adnams / Antiquity / After Dark / AnCnoc /Abhainn / A'bunadh / Auchroisk / Adelphi
51%
B (44) Balvenie / Bunnahabhain / Ballantines / Bellevoye / BM Signature / Bushmills / Balcones / Bulleit /Blackpitts / Blue Spot / Blanton / Buffalo / Brenne / Bache Gabrielsen / Balblair / Ballechin / Bell / Barelegs / Ben Nevis / Benriach / Benrinnes / Benromach / Berry Bros. & Rudd / Black Bottle / Black Bull / Bladnoch / Blair Athol / Bowmore / Braes of Glenlivet / Bruichladdich / Black Velvet / Baker's / Booker's / Bagpiper / Blenders / Brora / Barra / Balmenach / BenRiach / Bailie Nicol Jarvie / Black and White / Buchanan / Blackadder / Black Dog
51%
L (16) Lagavulin / Ledaig / Laphroaig / Le Breuil / Larceny / Lagg / Lot 40 / Longrow / Longmorn / Linkwood /Loch / Lauder's / Lark / Lakes / Label 5 / Logan
51%
W (18) Woodford / Waterford / Writers Tears / Widow Jane / Willett / Whistle Pig / West / Welche / Wemyss /Wolfburn / Weller / White / Wilson / Wild Turkey / White Horse / Whyte & Mackay / William Lawson's / William Peel
49%
N (9) Nikka / Naguelann / Ninkasi / Nationale 10 / Naked / Noah's Mill / Nc'nean / North Port / North British
37%
D (18) Dalmore / DHG / Dingle / Drumshanbo / Domaine des Hautes Glaces / Dalwhinnie / Deanston /
Daftmill / Dailuaine / Diagéo / Director's Special / Dunville / Dallas Dhu / Dufftown / Douglas Laing /
Duncan Taylor / DYC / Dimple
34%
H (20) Highland Park / Hakushu / Hatozaki / Hibiki / Hepp / Hellyers Road / Hautefeuille / Hazelburn / High /Hinch / House of McCallum / Hudson / Hwayo / Hyde / Hankey / Heaven Hill / Hancock / Hoochery / Harris / Haig
31%
K (17) Kilchoman / Kirin Fuji / Kornog / Kavalan / Koriyama / Kilkerran / Kurayoshi / Kujira / Knockando / Kingsbarns / Knappogue / Kirk and Bright / Kininvie / Kentucky Gentleman / Knob Creek / Kyrö / Knockdhu
29%
M (31) Macallan / Mars / Michel Couvreur / Miclo / Michter's / Mackmyra / McConnell's / Mac-Talla / Monkey Shoulder /Method & Madness / Midleton / Maker's Mark / Mellow Corn / Masahiro / Meyer's / Mortlach / Mull / Macduff / Mannochmore / Miltonduff / Monkey Shoulder / Murray McDavid / Medley / Mark Twain / McAfee / McDowell's No.1 / Miyagikyo / McClelland / Millburn / Manx
29%
O (10) Oban / Octomore / Old Pulteney / Old Saint Andrews / Old Ballantruan / Orcines / Old Parr / Oxford /Officer's Choice / Omar
29%
T (32) Talisker / Tomatin / Tokinoka / Togouchi / The Matsui / Twelve / Teeling / The Irishman / The Sexton/ Tyrconnell / Tullamore / Tottori / Torabhaig / Tamdhu / Templeton / The Hearach / The Lost Distillery / Tomintoul / Tobermory / Tullibardine / Teachers / Teaninich / Tormore / Ten High / Timboon / The English / Teerenpeli / Tamnavulin / Té Bheag / Timah / Three Ships / The Chuan
29%
P (20) Port Charlotte / P&M / Penderyn / Puni / Powers / Pogues / Platte Valley / Paul John / Port Askaig /Peat / Perfect / Poit Dhubh / Pennypacker / Pappy / Peter Scot / Paddy / Pittyvaich / Passport / Peter Thompson / Pattisons
26%
S (31) Shinobu / Sequoia / Slane / Sonoma / Sazerac / Smooth Ambler / Suntory / Smokehead / Sakurao /Scapa / Scarabus / Singleton / Spey / Springbank / Sir Edward's / Smokey Joe / Strathisla / Starlaw / Strathmill / Seagram / Sacred Spirits / Schlitzer / Slyrs / Signature / Starthearn / Strathclyde / SIA / Something Special / SMWS / Samuel Dow / Smögen
26%
R (15) Rozelieures / Redbreast / Red Spot / Rabbit Hole / Rittenhouse / Rampur / Rebel Yell / Rock Island / Roe&Co / Royal / Remarkable / Rich and Rare / Rowan's / Red Knight / Rowson's Reserve
23%
E (9) Eddu / Elijah Craig / Eagle Rare / Évadé / Elements / Edradour / Evan Williams / Early Times / Ezra
20%
F (6) Four Roses / Few / Fettercairn / Finlaggan / Flatnose / Famous Grouse
20%
Y (8) Yamazaki / Yamazakura / Yellow Spot / Yellow Rose / Yeun Elez / Yushan / Yellowstone / Yoichi
17%
I (9) Ichiro / Isle of Raasay / Islay / Ileach / Inchgower / Ian Macleod / Invergodon / Isle of Skye /Imperial Blue
14%
V (5) Vilanova / Very Old Barton / Virginia / Vintage / Vat 69
6%
Number(4) 1792 / 69 / 100 Pipers / 45 South
3%
U (2) Uberach / Uncle Nearest
3%
Aucun quiz correspondant
Distribution des résultats
% des personnes avec chaque résultat
Percentile par nombre de réponses
Votre historique - résultats
Vous n’avez pas pris ce quiz